| 000 | 00946cam a22002531i 4500 | ||
|---|---|---|---|
| 003 | SA-RiAUC | ||
| 005 | 20250518101743.0 | ||
| 008 | 250513s1995 sy g 000 0 ara c | ||
| 040 |
_aJO-MaAABU _bara _cSA-RiAUC _erda |
||
| 050 | 0 | 4 | _bA2854. 1995 |
| 082 | 0 | 4 |
_a230.909 _qSA-RiAUC |
| 090 |
_a230.909 _b ا ب و ص |
||
| 100 | 1 |
_aأبو صعيليك، محمد عبد الله، _d1962-2024 _eمؤلف. |
|
| 245 | 1 | 0 |
_aجهود المعاصرين في خدمة السنة المشرفة / _cمحمد عبد الله أبو صعيليك. |
| 250 | _aالطبعة الأولى. | ||
| 264 | 1 |
_aدمشق : _bدار القلم، _c1995 |
|
| 300 |
_a139 صفحة ؛ _c24 × 17 سم |
||
| 336 |
_aنص _btxt _2rdacontent _3كتاب |
||
| 337 |
_aبدون وسيط _bn _2rdamedia |
||
| 338 |
_aمجلد _bnc _2rdacarrier |
||
| 650 | 7 |
_aالسنة _xتاريخ _2aucsh |
|
| 942 |
_2ddc _cBOOK _n0 |
||
| 949 |
_aSA-JeALM _d250513 _umohamedma123 _n1 |
||
| 999 |
_c8025 _d8025 |
||